Mikropočítače. Cvičenie

Salvato in:
Dettagli Bibliografici
Natura: Libro
Pubblicazione: Bratislava : SVŠT v Bratislave, 1989
Edizione:2.vyd.
Tags: Aggiungi Tag
Nessun Tag, puoi essere il primo ad aggiungerne!!

MARC

LEADER 00000nam a22000003a 4500
001 stu48484
005 20150408180203.1
008 ------s1989----cs----------------------d
040 |a STU  |b slo 
041 0
044 |a cs 
245 |a Mikropočítače. Cvičenie 
250 |a 2.vyd. 
260 |a Bratislava :  |b SVŠT v Bratislave,  |c 1989 
300 |a 259 s 
996 |b J83164  |c J*83164-83165/›  |l JJST  |s P  |a 0  |w stu48484_0001 
996 |b J83165  |c J*83164-83165/›  |l JJST  |s P  |a 0  |w stu48484_0002